El deporte chileno y su reinserción en el ámbito internacional
Salvato in:
| Autore principale: | |
|---|---|
| Natura: | Libro |
| Lingua: | spagnolo |
| Pubblicazione: |
Santiago
s.n
1994
|
| Soggetti: | |
| Tags: |
Aggiungi Tag
Nessun Tag, puoi essere il primo ad aggiungerne!!
|
MARC
| LEADER | 00000nam a2200000 a 4500 | ||
|---|---|---|---|
| 001 | UCX9508 | ||
| 003 | CL-VaPUC | ||
| 008 | 940610e19940000CL |||||||||||||||||spa|d | ||
| 082 | 0 | 4 | |a 796.983 |b NAV |2 21 |
| 100 | |a Navarro Abarzúa, Iván |e autor |9 530668 | ||
| 245 | 1 | 3 | |a El deporte chileno y su reinserción en el ámbito internacional |
| 300 | |a 248 p | ||
| 942 | |c BK | ||
| 945 | |d 19940610 00:00:00 |a rbrito | ||
| 260 | |a Santiago |b s.n |c 1994 | ||
| 650 | 0 | |a Deportes |9 224367 | |
| 651 | 7 | |a CHILE |2 CL-VaPUC |9 326930 | |
| 583 | |a last modification |c 20120812 03:46:32 |k Rodrigo Vera | ||
| 999 | |c 228724 |d 228722 | ||
| 952 | |0 0 |1 0 |4 0 |6 796_983000000000000_NAV_1994 |7 0 |8 A |9 229100 |a BIBEDU |b BIBEDU |d 2019-11-15 |i 2976455 |o 796.983 NAV 1994 |p 2976455 |r 2019-11-15 |w 2019-11-15 |y BK |k EFI | ||